000 00349 a2200169 4500
001 185689
020 _a85-7319-449-9
040 _cMagnum
100 _aCaruso, Carla
240 1 0 _aBichos da praia
_lpor
245 1 0 _aBichos da praia
300 _a32
362 0 _a2004
440 1 _aDimensão
697 _aLITERATURA INFANTIL
942 _cBK
999 _c185689
_d185689